[Event "España ch Femenino 2012"]
[Site "Salobreña ESP"]
[Date "2012.07.31"]
[Round "3.8"]
[White "Garcia-Castany Musellas, Galla"]
[Black "Serrano Leiva, Ana"]
[Result "1-0"]
[WhiteElo "2042"]
[BlackElo "1579"]
[PlyCount "59"]
[EventDate "2012.07.30"]
[EventType "swiss"]
[EventRounds "9"]
[EventCountry "ESP"]
[Source "lmi"]
[SourceDate "2012.07.30"]

1. e4 c5 2. Nf3 Nc6 3. d4 cxd4 4. Nxd4 e5 5. Nb5 d6 6. N1c3 a6 7. Na3 b5 8. Nd5
Nge7 9. c4 Nd4 10. Bd2 Nxd5 11. exd5 Bd7 12. Bd3 Be7 13. O-O O-O 14. Be3 f5 15.
Bxd4 exd4 16. cxb5 axb5 17. Nxb5 Qa5 18. Qe2 Bxb5 19. Bxb5 Rab8 20. a4 Bf6 21.
Qd3 f4 22. Qa3 Be5 23. b4 Qd8 24. Qf3 Rc8 25. Bc6 Rf7 26. a5 Rb8 27. b5 Ra7 28.
b6 Ra6 29. Qd3 Raxb6 30. axb6 1-0

[Event "España ch Femenino 2012"]
[Site "Salobreña ESP"]
[Date "2012.08.01"]
[Round "4.1"]
[White "Guadamuro Torrente, Anabel"]
[Black "Vega Gutierrez, Sabrina"]
[Result "1/2-1/2"]
[WhiteElo "2192"]
[BlackElo "2355"]
[PlyCount "107"]
[EventDate "2012.07.30"]
[EventType "swiss"]
[EventRounds "9"]
[EventCountry "ESP"]
[Source "lmi"]
[SourceDate "2012.07.30"]

1. e4 c5 2. d3 Nc6 3. g3 g6 4. Bg2 Bg7 5. f4 d6 6. Nf3 e5 7. Nc3 Nge7 8. O-O
exf4 9. Bxf4 O-O 10. Qd2 Bg4 11. Bh6 Qd7 12. Rae1 f6 13. Bxg7 Kxg7 14. a3 Rae8
15. Kh1 b6 16. Qf4 Be6 17. Nb5 Ne5 18. Nc3 N7c6 19. Nd5 Nxf3 20. Bxf3 Bxd5 21.
exd5 Nd4 22. c3 Rxe1 23. Rxe1 Nxf3 24. Qxf3 Re8 25. Re4 f5 26. Re3 Qf7 27. c4
Kf8 28. Qf4 Rxe3 29. Qxe3 Qe7 30. Qf2 Qe5 31. Kg2 Kg7 32. b4 a5 33. bxa5 bxa5
34. Qd2 a4 35. Qa5 Qe2+ 36. Kg1 Qd1+ 37. Kg2 Qe2+ 38. Kg1 Qxd3 39. Qxa4 Kh6 40.
Qa6 Qd1+ 41. Kg2 f4 42. gxf4 Qg4+ 43. Kf2 Qxf4+ 44. Kg2 Kh5 45. Qb7 Qd2+ 46.
Kg3 Qc3+ 47. Kg2 h6 48. Qe7 Qxc4 49. Qxd6 Qe2+ 50. Kg3 Qe3+ 51. Kg2 Qe2+ 52.
Kg3 Qe3+ 53. Kg2 Qe2+ 54. Kg3 1/2-1/2

[Event "España ch Femenino 2012"]
[Site "Salobreña ESP"]
[Date "2012.08.01"]
[Round "4.2"]
[White "Cerrato Torrijos, Maria"]
[Black "Garcia Vicente, Nieves"]
[Result "0-1"]
[WhiteElo "2114"]
[BlackElo "2190"]
[PlyCount "126"]
[EventDate "2012.07.30"]
[EventType "swiss"]
[EventRounds "9"]
[EventCountry "ESP"]
[Source "lmi"]
[SourceDate "2012.07.30"]

1. e4 c5 2. Nc3 e6 3. Nge2 d5 4. exd5 exd5 5. d4 Nf6 6. g3 Nc6 7. Bg2 cxd4 8.
Nxd4 Bb4 9. O-O O-O 10. Bg5 Bxc3 11. bxc3 h6 12. Be3 Ne5 13. h3 Ne4 14. Ne2 Be6
15. Bd4 Qc7 16. Nf4 Rfe8 17. Qh5 Nc6 18. Nxd5 Bxd5 19. Qxd5 Rad8 20. Qb5 Nxd4
21. cxd4 Nc3 22. Qxb7 Qxb7 23. Bxb7 Re2 24. Bf3 Rxc2 25. Rfc1 Ne2+ 26. Bxe2
Rxe2 27. Re1 Rd2 28. Re7 a5 29. Ra7 Rd5 30. Rc1 Rf5 31. f4 Rxd4 32. Rc8+ Kh7
33. Rc2 g6 34. Kf2 h5 35. Ke3 Ra4 36. Rac7 h4 37. R7c4 Ra3+ 38. R4c3 Rxc3+ 39.
Rxc3 hxg3 40. Ke4 g2 41. Rg3 Rh5 42. Rxg2 Rxh3 43. Ke5 Kg7 44. Ke4 f5+ 45. Kd4
Rf3 46. Ke5 Kf7 47. Rc2 Re3+ 48. Kd5 Re4 49. Rf2 Kf6 50. Rf1 Re2 51. Rb1 Rxa2
52. Rb6+ Kg7 53. Rb7+ Kh6 54. Ke5 Rc2 55. Ra7 Rc5+ 56. Kf6 Kh5 57. Rh7+ Kg4 58.
Kxg6 Kxf4 59. Rh1 Kg3 60. Rg1+ Kf2 61. Ra1 f4 62. Ra2+ Kg3 63. Ra3+ f3 0-1

[Event "España ch Femenino 2012"]
[Site "Salobreña ESP"]
[Date "2012.08.01"]
[Round "4.3"]
[White "Collado Barbas, Laura"]
[Black "Collazo Hidalgo-Gato, Niala"]
[Result "1/2-1/2"]
[WhiteElo "2118"]
[BlackElo "2253"]
[PlyCount "101"]
[EventDate "2012.07.30"]
[EventType "swiss"]
[EventRounds "9"]
[EventCountry "ESP"]
[Source "lmi"]
[SourceDate "2012.07.30"]

1. d4 c5 2. d5 e5 3. e4 d6 4. Nc3 Be7 5. f4 Bh4+ 6. g3 Bf6 7. fxe5 Bxe5 8. Nf3
Bg4 9. Be2 Bxf3 10. Bxf3 Nf6 11. Bd2 Nbd7 12. Qe2 a6 13. a4 Qb6 14. a5 Qc7 15.
O-O h5 16. Nd1 c4 17. c3 Rc8 18. Ra4 h4 19. g4 Qc5+ 20. Be3 Qb5 21. Rb4 Qxa5
22. Rxb7 Nc5 23. Qxc4 O-O 24. Bxc5 Rxc5 25. Qe2 Rb5 26. Rxb5 Qxb5 27. Qe3 Bxh2+
28. Kg2 h3+ 29. Kf2 Bg3+ 30. Kg1 Nxg4 31. Qe2 Qxe2 32. Bxe2 Nh2 33. Rf2 f5 34.
Rxf5 Rxf5 35. exf5 Kf7 36. Ne3 Kf6 37. Bxa6 Nf3+ 38. Kh1 Nd2 39. Bd3 Bf4 40.
Ng4+ Kg5 41. Nf2 Kh4 42. b4 Nb3 43. Bc2 Nc1 44. b5 Be3 45. Ne4 Ne2 46. Bd3 Nf4
47. Bf1 Nxd5 48. c4 Nf6 49. Nxd6 Nh5 50. Ne4 Ng3+ 51. Nxg3 1/2-1/2

[Event "España ch Femenino 2012"]
[Site "Salobreña ESP"]
[Date "2012.08.01"]
[Round "4.4"]
[White "Aranaz Murillo, Amalia"]
[Black "Garcia-Castany Musellas, Galla"]
[Result "1-0"]
[WhiteElo "2231"]
[BlackElo "2042"]
[PlyCount "39"]
[EventDate "2012.07.30"]
[EventType "swiss"]
[EventRounds "9"]
[EventCountry "ESP"]
[Source "lmi"]
[SourceDate "2012.07.30"]

1. Nf3 d5 2. c4 c6 3. e3 Nf6 4. Nc3 e6 5. Qc2 Nbd7 6. b3 Bd6 7. Bb2 O-O 8. Be2
b6 9. Rg1 Bb7 10. g4 Ne8 11. g5 f5 12. gxf6 Ndxf6 13. Ng5 Qe7 14. Bg4 Bc8 15.
cxd5 exd5 16. Nxd5 cxd5 17. Bxc8 Nc7 18. Bxf6 gxf6 19. Nxh7+ Kh8 20. Nxf8 1-0

[Event "España ch Femenino 2012"]
[Site "Salobreña ESP"]
[Date "2012.08.01"]
[Round "4.5"]
[White "Riera Morilla, Elizabeth"]
[Black "Vega Gutierrez, Belinda"]
[Result "0-1"]
[WhiteElo "1968"]
[BlackElo "2205"]
[PlyCount "130"]
[EventDate "2012.07.30"]
[EventType "swiss"]
[EventRounds "9"]
[EventCountry "ESP"]
[Source "lmi"]
[SourceDate "2012.07.30"]

1. e4 d6 2. d4 Nd7 3. Nf3 e5 4. Bc4 exd4 5. Nxd4 Ngf6 6. Nc3 g6 7. Bg5 c6 8. f4
Bg7 9. Nde2 Qc7 10. Bb3 b5 11. a3 O-O 12. Qd3 Nc5 13. Qe3 Re8 14. Bxf6 Bxf6 15.
O-O-O a5 16. e5 Nxb3+ 17. cxb3 dxe5 18. Ne4 Bg7 19. Nd6 Re6 20. Qc5 Ba6 21. f5
Rf6 22. Ng3 Bf8 23. Nge4 Rxd6 24. Rxd6 Bxd6 25. Nxd6 f6 26. g4 b4 27. g5 Rf8
28. gxf6 Bd3 29. f7+ Rxf7 30. Nxf7 Qxf7 31. Qxe5 Bxf5 32. Rd1 Qxb3 33. Rd8+ Kf7
34. Qe8+ Kf6 35. Qxc6+ Kg5 36. Qg2+ Kh5 37. Qe2+ Kg5 38. Qd2+ Kf6 39. Qd4+ Kg5
40. Qd2+ Kf6 41. Rd6+ Ke7 42. Rc6 Kf7 43. Qd4 Be6 44. Rc7+ Ke8 45. Qh8+ Bg8 46.
Rc8+ Kd7 47. Qxg8 Qe3+ 48. Kb1 Qd3+ 49. Kc1 Qe3+ 50. Kd1 Qd3+ 51. Kc1 Qe3+ 52.
Kc2 b3+ 53. Qxb3 Qxb3+ 54. Kxb3 Kxc8 55. Kc4 a4 56. Kd5 Kd7 57. Ke5 Ke7 58. h3
h6 59. h4 Kf7 60. Kf4 Kf6 61. Ke4 g5 62. h5 Ke6 63. Kf3 Kf5 64. Kg3 Ke5 65. Kh2
Kf5 0-1

[Event "España ch Femenino 2012"]
[Site "Salobreña ESP"]
[Date "2012.08.01"]
[Round "4.6"]
[White "Perera Borrego, Mariela"]
[Black "Rodriguez Lorenzo, Yadira"]
[Result "1-0"]
[WhiteElo "2066"]
[BlackElo "2022"]
[PlyCount "61"]
[EventDate "2012.07.30"]
[EventType "swiss"]
[EventRounds "9"]
[EventCountry "ESP"]
[Source "lmi"]
[SourceDate "2012.07.30"]

1. d4 Nf6 2. Nf3 b5 3. g3 Bb7 4. Bg2 e6 5. Bg5 c5 6. O-O Qb6 7. Bxf6 gxf6 8. c3
Be7 9. Nbd2 f5 10. e4 fxe4 11. Ne5 d5 12. Qh5 Rf8 13. Rad1 Nc6 14. dxc5 Qxc5
15. Nb3 Qb6 16. Nxc6 Bxc6 17. Nd4 Bd7 18. Kh1 O-O-O 19. a4 bxa4 20. Qe2 Bc5 21.
Rfe1 e5 22. Nc2 Bxf2 23. Rxd5 Bxe1 24. Nxe1 f6 25. Qc4+ Kb7 26. Bxe4 Bc6 27.
Rb5 Rd6 28. Rxb6+ axb6 29. Bxc6+ Rxc6 30. Qxa4 Ra8 31. Qe4 1-0

[Event "España ch Femenino 2012"]
[Site "Salobreña ESP"]
[Date "2012.08.01"]
[Round "4.7"]
[White "Ruiz Font, Elisabet"]
[Black "Salido Polo, Veronica"]
[Result "1/2-1/2"]
[WhiteElo "2039"]
[BlackElo "1991"]
[PlyCount "77"]
[EventDate "2012.07.30"]
[EventType "swiss"]
[EventRounds "9"]
[EventCountry "ESP"]
[Source "lmi"]
[SourceDate "2012.07.30"]

1. e4 c5 2. Nf3 Nc6 3. d4 cxd4 4. Nxd4 Nf6 5. Nc3 e5 6. Ndb5 d6 7. Bg5 a6 8.
Na3 b5 9. Nd5 Be7 10. Bxf6 Bxf6 11. c4 b4 12. Nc2 O-O 13. h4 a5 14. g3 Be6 15.
Bg2 Bxd5 16. Qxd5 Qb6 17. b3 Nd4 18. Nxd4 exd4 19. O-O a4 20. Qf5 axb3 21. axb3
Ra3 22. Rab1 Ra2 23. Rfd1 Be5 24. Rd3 Rc2 25. h5 Qa7 26. Bf1 Qa2 27. Rbd1 h6
28. f4 Bf6 29. e5 dxe5 30. fxe5 Bg5 31. Qe4 Be3+ 32. Rxe3 dxe3 33. Bd3 Rd8 34.
Bxc2 Rxd1+ 35. Bxd1 Qf2+ 36. Kh1 Qf1+ 37. Kh2 Qxd1 38. Qa8+ Kh7 39. Qe4+
1/2-1/2

[Event "España ch Femenino 2012"]
[Site "Salobreña ESP"]
[Date "2012.08.01"]
[Round "4.8"]
[White "Duarte Garcia, Pilar"]
[Black "Romero Diez, Sandra"]
[Result "1-0"]
[WhiteElo "1684"]
[BlackElo "1844"]
[PlyCount "97"]
[EventDate "2012.07.30"]
[EventType "swiss"]
[EventRounds "9"]
[EventCountry "ESP"]
[Source "lmi"]
[SourceDate "2012.07.30"]

1. d4 Nc6 2. Nf3 e6 3. c4 Nf6 4. g3 d6 5. Bg2 g6 6. O-O Bg7 7. Nc3 O-O 8. e4 e5
9. d5 Ne7 10. h3 Nd7 11. Ne1 f5 12. Nd3 a5 13. Rb1 h6 14. b3 Kh7 15. a3 Ng8 16.
b4 axb4 17. axb4 Qe7 18. Qe2 Ngf6 19. Be3 Nh5 20. exf5 e4 21. fxg6+ Kh8 22.
Nxe4 Ndf6 23. Nxf6 Nxf6 24. Nf4 Bf5 25. Rbc1 Ne4 26. g4 Bd7 27. Qd3 Nf6 28. Bd2
Ng8 29. Rce1 Qh4 30. Nh5 Rae8 31. Rxe8 Bxe8 32. Nxg7 Kxg7 33. Bc3+ Nf6 34. Re1
Bxg6 35. Re7+ Rf7 36. Rxf7+ Bxf7 37. Qf5 h5 38. Bxf6+ Qxf6 39. Qxf6+ Kxf6 40.
f4 hxg4 41. hxg4 Bg6 42. Kf2 Bc2 43. Bf1 b6 44. Ke3 Bd1 45. Be2 Bc2 46. Bd3 Bd1
47. g5+ Kf7 48. f5 Bh5 49. Be2 1-0

[Event "España ch Femenino 2012"]
[Site "Salobreña ESP"]
[Date "2012.08.02"]
[Round "5.1"]
[White "Vega Gutierrez, Sabrina"]
[Black "Garcia Vicente, Nieves"]
[Result "1-0"]
[WhiteElo "2355"]
[BlackElo "2190"]
[PlyCount "95"]
[EventDate "2012.07.30"]
[EventType "swiss"]
[EventRounds "9"]
[EventCountry "ESP"]
[Source "lmi"]
[SourceDate "2012.07.30"]

1. e4 e5 2. Nf3 Nc6 3. Bb5 f5 4. d3 fxe4 5. dxe4 Nf6 6. O-O d6 7. Qd3 Be7 8.
Nc3 Qd7 9. Qc4 a6 10. Ba4 Rb8 11. Ng5 Bd8 12. Bxc6 bxc6 13. f4 d5 14. Qe2 Qg4
15. fxe5 Qxe2 16. Nxe2 Nxe4 17. Nxe4 dxe4 18. Nd4 Be7 19. b3 Rf8 20. Be3 Rb6
21. c4 c5 22. Ne2 Re6 23. Rxf8+ Bxf8 24. Bf4 g5 25. Bxg5 Rxe5 26. Bf4 Re7 27.
Re1 Bb7 28. Rd1 Rf7 29. Kf2 e3+ 30. Kg1 Rg7 31. Ng3 h5 32. Re1 h4 33. Rxe3+ Kf7
34. Ne4 Kg6 35. Nf2 Kf5 36. Re5+ Kf6 37. g4 hxg3 38. hxg3 Bd6 39. Nd3 Rh7 40.
Re2 Rh1+ 41. Kf2 Rd1 42. Ke3 Kf5 43. Rh2 Ra1 44. Rh5+ Kg6 45. Rg5+ Kf6 46. Nxc5
Bxc5+ 47. Rxc5 c6 48. Ke4 1-0

[Event "España ch Femenino 2012"]
[Site "Salobreña ESP"]
[Date "2012.08.02"]
[Round "5.2"]
[White "Guadamuro Torrente, Anabel"]
[Black "Aranaz Murillo, Amalia"]
[Result "1-0"]
[WhiteElo "2192"]
[BlackElo "2231"]
[PlyCount "75"]
[EventDate "2012.07.30"]
[EventType "swiss"]
[EventRounds "9"]
[EventCountry "ESP"]
[Source "lmi"]
[SourceDate "2012.07.30"]

1. b3 d5 2. e3 Nf6 3. Bb2 g6 4. f4 Bg7 5. Nf3 O-O 6. Be2 c5 7. O-O Nc6 8. Ne5
Qc7 9. Nxc6 Qxc6 10. Bf3 Rd8 11. d3 Qe8 12. Nd2 Ng4 13. Bxg4 Bxb2 14. Rb1 Bg7
15. f5 Qd7 16. Bh3 Qd6 17. Qe2 Bd7 18. Rbe1 Bc6 19. Nf3 h6 20. Kh1 g5 21. Bg4
a5 22. d4 b6 23. Rd1 Bb7 24. Qf2 Bf6 25. Bh5 a4 26. c3 axb3 27. axb3 Ra3 28.
Nd2 Rda8 29. e4 cxd4 30. cxd4 dxe4 31. Nc4 Qb4 32. Nxa3 Rxa3 33. Qg3 Bd5 34.
Qb8+ Kg7 35. Rc1 Ra2 36. Rc8 Qd2 37. Rg8+ Kh7 38. Bg6+ 1-0

[Event "España ch Femenino 2012"]
[Site "Salobreña ESP"]
[Date "2012.08.02"]
[Round "5.3"]
[White "Vega Gutierrez, Belinda"]
[Black "Perera Borrego, Mariela"]
[Result "0-1"]
[WhiteElo "2205"]
[BlackElo "2066"]
[PlyCount "96"]
[EventDate "2012.07.30"]
[EventType "swiss"]
[EventRounds "9"]
[EventCountry "ESP"]
[Source "lmi"]
[SourceDate "2012.07.30"]

1. e4 d6 2. d4 Nf6 3. Nc3 e5 4. Nf3 Nbd7 5. Bc4 Be7 6. O-O O-O 7. Re1 c6 8. a4
b6 9. d5 cxd5 10. Nxd5 Bb7 11. b3 Rc8 12. Re2 Nc5 13. Nxf6+ Bxf6 14. Bd5 Qd7
15. Ba3 Rfd8 16. Qd2 Bxd5 17. Qxd5 Ne6 18. g3 Nf4 19. Qd1 Nxe2+ 20. Qxe2 d5 21.
Rd1 Qc6 22. Rxd5 Rxd5 23. exd5 Qxc2 24. Qxc2 Rxc2 25. Bd6 e4 26. Ne5 Rd2 27.
Nc4 Rxd5 28. Bb8 Rd7 29. Kf1 Bd4 30. Ke2 f6 31. h4 Be5 32. Bxe5 fxe5 33. Nxe5
Rd5 34. Nc6 Rd3 35. b4 a6 36. Ne7+ Kf7 37. Nc8 Rd4 38. b5 Rxa4 39. bxa6 Rxa6
40. Nd6+ Ke6 41. Nxe4 Ke5 42. Ng5 h6 43. Nf3+ Kd5 44. h5 b5 45. Nh4 b4 46. Kd3
Ra3+ 47. Kc2 Kc4 48. Kb2 Ra5 0-1

[Event "España ch Femenino 2012"]
[Site "Salobreña ESP"]
[Date "2012.08.02"]
[Round "5.4"]
[White "Collado Barbas, Laura"]
[Black "Hernandez Estevez, Yudania"]
[Result "0-1"]
[WhiteElo "2118"]
[BlackElo "2254"]
[PlyCount "70"]
[EventDate "2012.07.30"]
[EventType "swiss"]
[EventRounds "9"]
[EventCountry "ESP"]
[Source "lmi"]
[SourceDate "2012.07.30"]

1. d4 d5 2. c4 c6 3. Nf3 Nf6 4. e3 e6 5. b3 Nbd7 6. Bb2 Bd6 7. Nbd2 O-O 8. Bd3
Qe7 9. Ne5 c5 10. O-O b6 11. Rc1 Bb7 12. Qe2 Rfd8 13. Rfd1 Rac8 14. cxd5 exd5
15. Nxd7 Nxd7 16. dxc5 bxc5 17. Nf3 Nf6 18. Bf5 Rb8 19. Nd2 Re8 20. Qd3 g6 21.
Bxf6 Qxf6 22. Bg4 Qh4 23. h3 Rbd8 24. Bf3 Re6 25. Qb5 Bc6 26. Qa5 Qe7 27. Nf1
c4 28. Qc3 Be5 29. Qc2 c3 30. Qd3 Red6 31. Rc2 d4 32. e4 Qb7 33. a4 Qxb3 34.
Nd2 Qxa4 35. Nc4 Bb5 0-1

[Event "España ch Femenino 2012"]
[Site "Salobreña ESP"]
[Date "2012.08.02"]
[Round "5.5"]
[White "Collazo Hidalgo-Gato, Niala"]
[Black "Cerrato Torrijos, Maria"]
[Result "0-1"]
[WhiteElo "2253"]
[BlackElo "2114"]
[PlyCount "101"]
[EventDate "2012.07.30"]
[EventType "swiss"]
[EventRounds "9"]
[EventCountry "ESP"]
[Source "lmi"]
[SourceDate "2012.07.30"]

1. e4 c5 2. Nf3 d6 3. d4 cxd4 4. Nxd4 Nf6 5. Nc3 g6 6. Bc4 Bg7 7. h3 O-O 8. Bb3
Nbd7 9. O-O Nc5 10. Re1 Nxb3 11. axb3 Bd7 12. Bg5 Bc6 13. Qd3 Re8 14. Qe3 Qb6
15. Rad1 Rac8 16. Bh6 Qc5 17. Rd3 a6 18. b4 Qxb4 19. Nf5 Bh8 20. Nd5 Bxd5 21.
exd5 Rc7 22. c3 Qc5 23. Qxc5 dxc5 24. d6 exd6 25. Rxe8+ Nxe8 26. Re3 Be5 27.
Nxd6 Nxd6 28. Rxe5 Rc8 29. g4 Nc4 30. Re2 b5 31. f4 f6 32. Re6 Nxb2 33. Rxa6
Nd1 34. Rxf6 Nxc3 35. Rb6 b4 36. f5 gxf5 37. gxf5 Kf7 38. Rb7+ Kf6 39. Bg7+
Kxf5 40. Bxc3 bxc3 41. Rb3 Ke4 42. Rxc3 Kd4 43. Rc1 c4 44. Kf2 Kd3 45. Rd1+ Kc2
46. Rd7 c3 47. Rxh7 Kd1 48. Rd7+ Kc1 49. h4 c2 50. Rg7 Kd2 51. Kf3 0-1

[Event "España ch Femenino 2012"]
[Site "Salobreña ESP"]
[Date "2012.08.02"]
[Round "5.6"]
[White "Ruiz Font, Elisabet"]
[Black "Duarte Garcia, Pilar"]
[Result "1-0"]
[WhiteElo "2039"]
[BlackElo "1684"]
[PlyCount "113"]
[EventDate "2012.07.30"]
[EventType "swiss"]
[EventRounds "9"]
[EventCountry "ESP"]
[Source "lmi"]
[SourceDate "2012.07.30"]

1. e4 c6 2. d4 d5 3. e5 Bf5 4. Nf3 e6 5. a3 Nd7 6. Nbd2 Be7 7. Be2 Nh6 8. O-O
Bg6 9. Re1 Nf5 10. Nf1 O-O 11. Ng3 c5 12. Nxf5 Bxf5 13. dxc5 Nxc5 14. Nd4 Bg6
15. c4 dxc4 16. Bxc4 a5 17. Nb5 Nd3 18. Bxd3 Bxd3 19. Nc3 Bg6 20. Qf3 Qb6 21.
Na4 Qb5 22. Nc3 Qa6 23. Be3 b5 24. Red1 Rfd8 25. Qe2 Rxd1+ 26. Rxd1 b4 27. Qxa6
Rxa6 28. Nb5 h6 29. Rd7 bxa3 30. bxa3 Bf8 31. Rc7 Ra8 32. Nd6 a4 33. Ba7 Rd8
34. Bc5 f6 35. f4 fxe5 36. fxe5 Kh7 37. Kf2 Bxd6 38. exd6 e5 39. g4 Be8 40. Re7
Bd7 41. h3 Bc6 42. Rxe5 Rf8+ 43. Ke3 Re8 44. Kd4 Kg6 45. Rf5 Bd7 46. Rf2 Bc6
47. Bb4 Bd7 48. Kc5 Rc8+ 49. Kb6 Rc6+ 50. Kb7 Rc8 51. Re2 Rd8 52. Re7 Bb5 53.
Kc7 Ra8 54. Bc5 Kf6 55. d7 Bxd7 56. Rxd7 Re8 57. Bd4+ 1-0

[Event "España ch Femenino 2012"]
[Site "Salobreña ESP"]
[Date "2012.08.02"]
[Round "5.7"]
[White "Garcia-Castany Musellas, Galla"]
[Black "Riera Morilla, Elizabeth"]
[Result "1/2-1/2"]
[WhiteElo "2042"]
[BlackElo "1968"]
[PlyCount "136"]
[EventDate "2012.07.30"]
[EventType "swiss"]
[EventRounds "9"]
[EventCountry "ESP"]
[Source "lmi"]
[SourceDate "2012.07.30"]

1. e4 c5 2. Nf3 g6 3. d4 cxd4 4. Nxd4 Bg7 5. Nc3 Nc6 6. Be3 Nf6 7. Bc4 O-O 8.
Bb3 a5 9. O-O Ng4 10. Qxg4 Nxd4 11. Qh4 e6 12. Qxd8 Rxd8 13. Rfd1 Nxb3 14. axb3
Ra6 15. Bd4 d6 16. Bxg7 Kxg7 17. Nb5 e5 18. Rd2 Kf8 19. c4 Ke7 20. Nc7 Ra7 21.
b4 Be6 22. b3 b6 23. Nb5 Raa8 24. Rda2 Bd7 25. Nc7 Rab8 26. Nd5+ Kf8 27. b5 Be6
28. Nc3 Rbc8 29. Na4 Rb8 30. f3 Ke7 31. Kf2 Rdc8 32. Ke3 Rc7 33. Kd3 Rcc8 34.
Rd2 g5 35. h3 h5 36. Rad1 Rd8 37. h4 f6 38. Ke3 Rd7 39. Rh1 gxh4 40. Rxh4 Bf7
41. g4 hxg4 42. Rxg4 Rdd8 43. Rh2 Rg8 44. Rxg8 Bxg8 45. Rh8 Kf7 46. Kd3 Kg7 47.
Rh2 Kf7 48. Kc3 Kg6 49. Rg2+ Kf7 50. b4 axb4+ 51. Kxb4 Bh7 52. Ra2 f5 53. Nc3
fxe4 54. fxe4 Rb7 55. Rf2+ Ke6 56. Nd5 Bxe4 57. Rf6+ Kd7 58. Rf7+ Kc8 59. Rf8+
Kd7 60. Rf7+ Kc8 61. Rf8+ Kd7 62. Rh8 Bxd5 63. cxd5 Rc7 64. Rb8 Rc5 65. Rxb6
Rxd5 66. Rc6 Rd1 67. Rc2 Rb1+ 68. Kc4 Ke8 1/2-1/2

[Event "España ch Femenino 2012"]
[Site "Salobreña ESP"]
[Date "2012.08.02"]
[Round "5.8"]
[White "Rodriguez Lorenzo, Yadira"]
[Black "Cucarella Montell, Angels"]
[Result "0-1"]
[WhiteElo "2022"]
[BlackElo "1946"]
[PlyCount "80"]
[EventDate "2012.07.30"]
[EventType "swiss"]
[EventRounds "9"]
[EventCountry "ESP"]
[Source "lmi"]
[SourceDate "2012.07.30"]

1. e4 c5 2. Nf3 e6 3. d4 cxd4 4. Nxd4 Nc6 5. Be3 a6 6. Bd3 Qc7 7. Nb3 Nf6 8.
O-O d5 9. Nc3 dxe4 10. Nxe4 Be7 11. a4 b6 12. Nxf6+ gxf6 13. Qg4 Bd6 14. Qh4 f5
15. Rfe1 Bb7 16. Bg5 Ne7 17. a5 b5 18. c4 Rg8 19. Bf1 bxc4 20. Rac1 Bd5 21.
Bxc4 Bxc4 22. Rxc4 Qb7 23. Nc5 Qd5 24. b4 Rxg5 25. Qxg5 Qxc4 26. Nb7 Qxb4 27.
Nxd6+ Qxd6 28. Qf6 Ng6 29. h4 Qe7 30. Qc3 Rd8 31. h5 Nf8 32. Qc6+ Nd7 33. Rb1
Qc5 34. Qa4 Qd5 35. Qa1 Qe5 36. Qa4 Qe4 37. Rb4 Qe1+ 38. Kh2 Qxf2 39. Rb7 Qe2
40. Qh4 Qe4 0-1

[Event "España ch Femenino 2012"]
[Site "Salobreña ESP"]
[Date "2012.08.03"]
[Round "6.1"]
[White "Hernandez Estevez, Yudania"]
[Black "Vega Gutierrez, Sabrina"]
[Result "0-1"]
[WhiteElo "2254"]
[BlackElo "2355"]
[PlyCount "64"]
[EventDate "2012.07.30"]
[EventType "swiss"]
[EventRounds "9"]
[EventCountry "ESP"]
[Source "lmi"]
[SourceDate "2012.07.30"]

1. e4 c5 2. Nf3 e6 3. b3 Nc6 4. Bb5 Nge7 5. O-O a6 6. Bxc6 Nxc6 7. Bb2 b5 8. c4
bxc4 9. bxc4 Rb8 10. Bc3 Qc7 11. Na3 Bb7 12. d3 f6 13. Nc2 Bd6 14. Re1 O-O 15.
g3 f5 16. e5 Be7 17. Qe2 Rbe8 18. Rab1 Ba8 19. Red1 d6 20. Nce1 dxe5 21. Nxe5
Nxe5 22. Qxe5 Bd6 23. Qe2 f4 24. Qg4 fxg3 25. hxg3 Be5 26. Bxe5 Qxe5 27. Rd2
Rf6 28. Re2 Rh6 29. Ng2 Qd6 30. Rbe1 Qxd3 31. Rxe6 Rexe6 32. Rxe6 Qb1+ 0-1

[Event "España ch Femenino 2012"]
[Site "Salobreña ESP"]
[Date "2012.08.03"]
[Round "6.2"]
[White "Perera Borrego, Mariela"]
[Black "Guadamuro Torrente, Anabel"]
[Result "0-1"]
[WhiteElo "2066"]
[BlackElo "2192"]
[PlyCount "94"]
[EventDate "2012.07.30"]
[EventType "swiss"]
[EventRounds "9"]
[EventCountry "ESP"]
[Source "lmi"]
[SourceDate "2012.07.30"]

1. d4 d6 2. Nf3 Bg4 3. c4 Bxf3 4. exf3 c6 5. Nc3 Nf6 6. g3 g6 7. Bg2 Bg7 8. O-O
O-O 9. f4 e6 10. d5 exd5 11. cxd5 c5 12. Qb3 b6 13. Re1 Na6 14. Bd2 Nc7 15. a4
Qd7 16. Qc2 a6 17. Rab1 Rfc8 18. Qd3 b5 19. b4 cxb4 20. Rxb4 a5 21. Rxb5 Nxb5
22. Nxb5 Ne8 23. f5 Qxf5 24. Qxf5 gxf5 25. Bh3 Rc4 26. Bxf5 Rxa4 27. Bd7 Ra2
28. Bf4 Ra1 29. Rxa1 Bxa1 30. Bc6 Rd8 31. Kf1 a4 32. Ke2 Bb2 33. Kd3 a3 34. Kc2
Rb8 35. Kb1 Be5 36. Bxe5 dxe5 37. Ka2 Kf8 38. Kxa3 Ke7 39. Kb4 Nd6 40. Kc5 Ne4+
41. Kc4 Nxf2 42. d6+ Kd8 43. Kd5 e4 44. d7 e3 45. Nd4 Rb1 46. Nf5 e2 47. Nh6
Rd1+ 0-1

[Event "España ch Femenino 2012"]
[Site "Salobreña ESP"]
[Date "2012.08.03"]
[Round "6.3"]
[White "Garcia Vicente, Nieves"]
[Black "Vega Gutierrez, Belinda"]
[Result "1/2-1/2"]
[WhiteElo "2190"]
[BlackElo "2205"]
[PlyCount "87"]
[EventDate "2012.07.30"]
[EventType "swiss"]
[EventRounds "9"]
[EventCountry "ESP"]
[Source "lmi"]
[SourceDate "2012.07.30"]

1. d4 d5 2. c4 dxc4 3. e4 Nc6 4. Be3 Nf6 5. e5 Nd5 6. Bxc4 Bf5 7. Nc3 Nxe3 8.
fxe3 e6 9. Nf3 a6 10. Rc1 Be7 11. O-O O-O 12. a3 Na5 13. Bd3 Bxd3 14. Qxd3 c5
15. Ne4 cxd4 16. exd4 h6 17. Nc5 Bxc5 18. Rxc5 Nc6 19. Qe4 Qb6 20. b4 Rad8 21.
Kh1 a5 22. bxa5 Nxa5 23. Rb1 Qa7 24. h3 Nc6 25. Rcb5 Nxd4 26. Rxb7 Qc5 27. Re1
Rd5 28. Nxd4 Rxd4 29. Qf3 Qc2 30. Rf1 Qg6 31. Qe3 Re4 32. Qc5 Re2 33. Rf2 Re1+
34. Kh2 Qe4 35. Rb5 h5 36. Qc2 Qxc2 37. Rxc2 Ra8 38. Rc3 Ra1 39. Rbb3 Re1 40.
Rb5 Ra1 41. Rbb3 Re1 42. Rb5 Ra1 43. Rbb3 Ra5 44. Rd3 1/2-1/2

[Event "España ch Femenino 2012"]
[Site "Salobreña ESP"]
[Date "2012.08.03"]
[Round "6.4"]
[White "Aranaz Murillo, Amalia"]
[Black "Cerrato Torrijos, Maria"]
[Result "1/2-1/2"]
[WhiteElo "2231"]
[BlackElo "2114"]
[PlyCount "101"]
[EventDate "2012.07.30"]
[EventType "swiss"]
[EventRounds "9"]
[EventCountry "ESP"]
[Source "lmi"]
[SourceDate "2012.07.30"]

1. Nf3 d5 2. c4 d4 3. b4 g6 4. g3 Bg7 5. d3 e5 6. Bg2 Ne7 7. O-O O-O 8. a4 h6
9. Nbd2 c6 10. Nb3 f5 11. Ba3 b6 12. b5 Bb7 13. bxc6 Nbxc6 14. a5 bxa5 15. Nc5
Bc8 16. Qa4 Rb8 17. Nd2 Rf6 18. Rab1 Rb6 19. Rb5 Kh7 20. Rfb1 Qc7 21. R1b2 g5
22. h3 h5 23. Qc2 Nb4 24. Bxb4 axb4 25. R2xb4 Ng6 26. Na4 Rxb5 27. Rxb5 g4 28.
h4 Ra6 29. Nc5 Ra1+ 30. Kh2 Re1 31. Ndb3 a6 32. Ra5 Nxh4 33. Bd5 Qe7 34. Nxa6
Rf1 35. Nb8 Qb4 36. Nd2 Rxf2+ 37. Kg1 Rxe2 38. Rb5 Qxd2 39. Qxd2 Rxd2 40. gxh4
Rxd3 41. Rc5 Bf6 42. Rxc8 Bxh4 43. Nd7 Rd1+ 44. Kg2 Rd2+ 45. Kf1 e4 46. Rg8
Rd1+ 47. Kg2 Rd2+ 48. Kf1 Rd1+ 49. Kg2 Rd2+ 50. Kf1 Rd1+ 51. Kg2 1/2-1/2